| 000 | 00697nam a22002057a 4500 | ||
|---|---|---|---|
| 999 |
_c18446 _d18446 |
||
| 003 | AR-CdUCM | ||
| 008 | 190514b ||||| |||| 00| 0 spa d | ||
| 040 |
_aMUNICIPALIDAD PROVINCIAL DEL CUSCO _cBIBLIOTECA MUNICIPAL DEL CUSCO |
||
| 082 |
_a943 / _bR68 / 1939 |
||
| 100 |
_aRivaud, Alberto _938027 |
||
| 245 | _aEl resurgimiento de Alemania / | ||
| 260 |
_aSantiago : _bZig - Zag, _c1939. |
||
| 300 |
_a412 paginas ; _c21 cm. |
||
| 505 | _aContenido: La guerra, la republica, la revolución nacional -- La instalación y el aparato tecnico | ||
| 650 |
_aGuerra _91007 |
||
| 650 |
_aRevolución _9844 |
||
| 700 |
_aArze, Jose Antonio _926211 |
||
| 942 |
_2ddc _cLIBROS |
||
| 945 |
_apjha _d2019-05-14 |
||